Jacques Ellul était-il sociologue?
| Main Author: | |
|---|---|
| Format: | Print Article |
| Language: | French |
| Check availability: | HBZ Gateway |
| Interlibrary Loan: | Interlibrary Loan for the Fachinformationsdienste (Specialized Information Services in Germany) |
| Published: |
[2017]
|
| In: |
Revue d'histoire et de philosophie religieuses
Year: 2017, Volume: 97, Issue: 1, Pages: 131-150 |
| Standardized Subjects / Keyword chains: | B
Ellul, Jacques 1912-1994
/ Sociology
/ Theology
|
| RelBib Classification: | FA Theology KBG France ZB Sociology |
| Parallel Edition: | Electronic
|
MARC
| LEADER | 00000caa a2200000 c 4500 | ||
|---|---|---|---|
| 001 | 1637512473 | ||
| 003 | DE-627 | ||
| 005 | 20200529125556.0 | ||
| 007 | tu | ||
| 008 | 170502s2017 xx ||||| 00| ||fre c | ||
| 035 | |a (DE-627)1637512473 | ||
| 035 | |a (DE-576)487739000 | ||
| 035 | |a (DE-599)BSZ487739000 | ||
| 040 | |a DE-627 |b ger |c DE-627 |e rda | ||
| 041 | |a fre | ||
| 084 | |a 1 |a 0 |2 ssgn | ||
| 100 | 1 | |e VerfasserIn |0 (DE-588)101911455X |0 (DE-627)684195712 |0 (DE-576)356996301 |4 aut |a Rognon, Frédéric |d 1961- | |
| 109 | |a Rognon, Frédéric 1961- | ||
| 245 | 1 | 0 | |a Jacques Ellul était-il sociologue? |c Frédéric Rognon, Faculté de Théologie Protestante (EA 4378) - Université de Strasbourg |
| 264 | 1 | |c [2017] | |
| 336 | |a Text |b txt |2 rdacontent | ||
| 337 | |a ohne Hilfsmittel zu benutzen |b n |2 rdamedia | ||
| 338 | |a Band |b nc |2 rdacarrier | ||
| 652 | |a FA:KBG:ZB | ||
| 689 | 0 | 0 | |d p |0 (DE-588)118912062 |0 (DE-627)079688667 |0 (DE-576)160855888 |2 gnd |a Ellul, Jacques |d 1912-1994 |
| 689 | 0 | 1 | |d s |0 (DE-588)4077624-4 |0 (DE-627)104152036 |0 (DE-576)209205849 |2 gnd |a Soziologie |
| 689 | 0 | 2 | |d s |0 (DE-588)4059758-1 |0 (DE-627)104131446 |0 (DE-576)209132159 |2 gnd |a Theologie |
| 689 | 0 | |5 (DE-627) | |
| 773 | 0 | 8 | |i Enthalten in |t Revue d'histoire et de philosophie religieuses |d [Paris] : Classiques Garnier, 1921 |g 97(2017), 1, Seite 131-150 |w (DE-627)129508918 |w (DE-600)209819-2 |w (DE-576)014915391 |x 0035-2403 |7 nnas |
| 773 | 1 | 8 | |g volume:97 |g year:2017 |g number:1 |g pages:131-150 |
| 776 | |i Erscheint auch als |n elektronische Ausgabe |w (DE-627)1728003512 |k Electronic | ||
| 951 | |a AR | ||
| ELC | |b 1 | ||
| ITA | |a 1 | ||
| LOK | |0 000 xxxxxcx a22 zn 4500 | ||
| LOK | |0 001 3295939497 | ||
| LOK | |0 003 DE-627 | ||
| LOK | |0 004 1637512473 | ||
| LOK | |0 005 20170626130603 | ||
| LOK | |0 008 170626||||||||||||||||ger||||||| | ||
| LOK | |0 040 |a DE-21-31 |c DE-627 |d DE-21-31 | ||
| LOK | |0 852 |a DE-21-31 | ||
| LOK | |0 852 1 |c Ze 7-97 |m p |9 00 | ||
| LOK | |0 938 |k p | ||
| LOK | |0 939 |a 26-06-17 |b l01 | ||
| LOK | |0 000 xxxxxcx a22 zn 4500 | ||
| LOK | |0 001 3295939578 | ||
| LOK | |0 003 DE-627 | ||
| LOK | |0 004 1637512473 | ||
| LOK | |0 005 20170505121542 | ||
| LOK | |0 008 170502||||||||||||||||ger||||||| | ||
| LOK | |0 040 |a DE-Tue135 |c DE-627 |d DE-Tue135 | ||
| LOK | |0 092 |o n | ||
| LOK | |0 852 |a DE-Tue135 | ||
| LOK | |0 852 1 |9 00 | ||
| LOK | |0 935 |a ixzs |a gkix | ||
| LOK | |0 936ln |0 1442044985 |a KBG | ||
| LOK | |0 936ln |0 1442053755 |a ZB | ||
| LOK | |0 936ln |0 1442044020 |a FA | ||
| LOK | |0 939 |a 02-05-17 |b l01 | ||
| ORI | |a SA-MARC-ixtheoa001.raw | ||
| REL | |a 1 | ||
| STA | 0 | 0 | |a Sociology,Theology,Theology |
| STB | 0 | 0 | |a Sociologie,Théologie,Théologie |
| STC | 0 | 0 | |a Sociología,Teología,Teología |
| STD | 0 | 0 | |a Sociologia,Teologia,Teologia |
| STE | 0 | 0 | |a 社会学,神学家 |
| STF | 0 | 0 | |a 社會學,神學家 |
| STG | 0 | 0 | |a Sociologia,Teologia,Teologia |
| STH | 0 | 0 | |a Богословие (мотив),Богословие,Социология |
| STI | 0 | 0 | |a Θεολογία (μοτίβο),Θεολογία,Κοινωνιολογία |
| SUB | |a REL | ||
| SYG | 0 | 0 | |a Ellul, Jaques,1912-1994 , Allgemeine Soziologie,Gesellschaftslehre,Gesellschaft,Gesellschaftstheorie,Sozialtheorie,Soziallehre , Christliche Theologie |



